Quiz o Rzeczpospolitej Polskiej - Statystyki

Ogólne statystyki
  • Ten quiz został rozwiązany 41 razy
  • Średni wynik to 12 z 15
Statystyki odpowiedzi
Pytanie Odpowiedź % Poprawnych
Ile województw ma Polska? 16
94%
Ile kadencja Prezydenta RP trwa lat? 5
94%
Miasto z siedzibą parlamentu to? Warszawa
94%
W którym roku Polska odzyskała niepodległość po zaborach? 1918
91%
Jaki jest najwyższy szczyt w Polsce? Rysy
91%
Jak nazywa się największe jezioro w Polsce? Śniardwy
85%
Kto jest nazywany „ojcem niepodległości” Polski w 1918 r.? Piłsudski
82%
Jaką nazwę nosi niższa izba polskiego Parlamentu? Senat
82%
Laureat Pokojowej Nagrody Nobla? Wałęsa
82%
Miasto, w którym znajdowały się największe zakłady włókiennicze to? Łódź
76%
W którym roku wprowadzono w Polsce Konstytucję 3 maja? 1791
73%
Kto był pierwszym królem Polski koronowanym w 1025 roku? Chrobry
73%
Rzeka uchodząca do Odry? Warta
73%
Nazwisko twórcy lampy naftowej? Łukasiewicz
42%
Jak nazywa się najwyższy organ władzy ustawodawczej w Polsce? Parlament
33%
Nie znaleziono quizów pasujących do podanych kryteriów
Rozkład punktacji
Procent ludzi z każdym wynikiem
Percentyl według liczby udzielonych odpowiedzi
Twoja historia wyników
Nie rozwiązałeś tego quizu